University Home | Library Home | Institutional Repository

Symphony no. 3, in E flat major (Record no. 133580)

MARC details
000 -LEADER
fixed length control field 01309cam9a220026500 4500
001 - CONTROL NUMBER
control field qcf00289390
005 - DATE AND TIME OF LATEST TRANSACTION
control field 20190822115000.0
007 - PHYSICAL DESCRIPTION FIXED FIELD--GENERAL INFORMATION
fixed length control field sdubmmennuuune
008 - FIXED-LENGTH DATA ELEMENTS--GENERAL INFORMATION
fixed length control field 771123s1956 nyusyn d
035 ## - SYSTEM CONTROL NUMBER
System control number (Sirsi) r51650
035 ## - SYSTEM CONTROL NUMBER
System control number (QCAT)lss01787061
035 ## - SYSTEM CONTROL NUMBER
System control number (UPRA)qcf00289390
040 ## - CATALOGING SOURCE
Modifying agency UPRA
100 1# - MAIN ENTRY--PERSONAL NAME
Personal name Schumann, Robert, 1810-1856.
Dates associated with a name Schumann, Robert, 1810-1856.
Linkage A9118.1
240 ## - UNIFORM TITLE
Uniform title 10a26.1..1.11 n26.1..13.14 r26.1..28.13
Medium Sound recording
245 10 - TITLE STATEMENT
Title Symphony no. 3, in E flat major
Medium [sound recording] :
Remainder of title op. 97 : Rhenish /
Statement of responsibility, etc. Symphony no. 4, in D minor : op. 120.
260 ## - PUBLICATION, DISTRIBUTION, ETC.
Name of publisher, distributor, etc. Westminster XWN 18368.,
Date of publication, distribution, etc. p1956.
500 ## - GENERAL NOTE
General note Sleeve notes by James Lyons.
501 ## - WITH NOTE
With note With: Schumann, R.A., Symphony no. 4.
511 ## - PARTICIPANT OR PERFORMER NOTE
Participant or performer note Orchestra of the Vienna State Opera; Dean Dixon, conductor.
700 1# - ADDED ENTRY--PERSONAL NAME
Personal name Schumann, Robert, 1810-1856. Symphonies, no. 4, op. 120, D minor.
Dates associated with a name Schumann, Robert, 1810-1856. Symphonies, no. 4, op. 120, D minor.
Title of a work Schumann, Robert, 1810-1856. Symphonies, no. 4, op. 120, D minor.
Number of part/section of a work Schumann, Robert, 1810-1856. Symphonies, no. 4, op. 120, D minor.
Key for music Schumann, Robert, 1810-1856. Symphonies, no. 4, op. 120, D minor.
Linkage A9833.1
949 ## - LOCAL PROCESSING INFORMATION (OCLC)
a M1001
w lcc
i -65520
m MAIN
t BOOK
l ON-SHELF
949 ## - LOCAL PROCESSING INFORMATION (OCLC)
a M1001
w lcc
i -65521
m MAIN
t BOOK
l ON-SHELF

No items available.

© 2026 - The University of Zambia Library - Koha v25.11